000 00600nab#a2200193#c#4500
999 _c87663
_d87663
003 IEF
005 20191211122928.0
008 950704s1975 uuu|| #####0 b| |u
040 _aIEF
_cES-MaIEF
100 1 _aSchmidt, Kurt
_940258
245 _aSobre la reacción política ante fluctuaciones de la demanda en la Economía Estatal
_c Kurt Schmidt
260 _aMadrid
_b Instituto de Estudios Fiscales [IEF]
_c1975
500 _aBibliografía
650 4 _aBIENES PUBLICOS
_933416
773 0 _tHacienda pública española
_w34570
_g34, p. 213-223
942 _2udc
942 _2udc